000 00236nam a22000857a 4500
008 170606b xxu||||| |||| 00| 0 eng d
100 _93291
_aAnand. M. R
245 _aSome street games of India
260 _aNew Delhi
_bNational Book Trust
_c2005
999 _c6608
_d6608